000 00311nam a22001457a 4500
008 210310b ||||| |||| 00| 0 eng d
020 _a2901285877173
041 _aeng
080 _a338
082 _a338
100 _a53
101 _aMEN
245 _aOncourse: The Remix
_cHambric,T.S
942 _2udc
_cBK
999 _c56180
_d56180